| 000 | 00613nam a2200205Ia 4500 | ||
|---|---|---|---|
| 003 | OSt | ||
| 005 | 20230531114648.0 | ||
| 008 | 210423s2014 xx 000 0 und d | ||
| 040 | _cAL | ||
| 041 | _aeng | ||
| 082 | _a323.34 GAFC | ||
| 100 |
_aGAFFAR (Shabastian);PADALATH (Junais) _9117808 |
||
| 245 | _aConstitutional rights of women in India and Islamic rights of women | ||
| 260 |
_aNew Delhi _bAICWETE _c2014 |
||
| 300 |
_a38 _bPB |
||
| 650 |
_aCivil & Political Rights _9117809 |
||
| 650 |
_aPolitical Science _9117810 |
||
| 906 | _aConstitutional ; India ; islamic ; rights ; women | ||
| 942 |
_2ddc _cBK |
||
| 999 |
_c176408 _d176408 |
||